000 00302nam a22001337a 4500
008 170623b xxu||||| |||| 00| 0 eng d
020 _a0471249785
041 _aeng
080 _a32
100 _a21
101 _aSHP
245 _aFROM SOCIAL ISSUES TO PUBLIC POLICY
_cEYESTONE, R
942 _2udc
_cBK
999 _c18857
_d18857